000 00505cam a2200193ua 4500
001 7636
008 141218n ii |||gr||||Z||||||hin
040 _cMAIN
041 _ahin
082 _a891.4303
100 _aBora, D.,
_eEditor.
245 1 _aHindi-asomiya-engrajee tribhashik shavdakosh
_cEdited by Dimbeswar Bora
250 _a1st.
260 _aDibrugarh:
_bBanalata,
_c2014.
300 _a575p.
653 _aEast Indo-European & Celtic literatures
653 _aHindi dictionary
942 _cBK
999 _c6758
_d6758